[Event "FRA-chT3 Gr14 0607"]
[Site "France"]
[Date "2007.04.01"]
[Round "9.7"]
[White "Stolz, Francois"]
[Black "Tassetti, Matthieu"]
[Result "0-1"]
[WhiteElo "1750"]
[BlackElo "1985"]
[PlyCount "42"]
[EventDate "2006.10.15"]
[EventType "team-tourn"]
[EventRounds "9"]
[EventCountry "FRA"]
[SourceTitle "EXT 2008"]
[Source "ChessBase"]
[SourceDate "2007.11.25"]
[SourceVersion "1"]
[SourceVersionDate "2007.11.25"]
[SourceQuality "1"]

1. Nf3 g6 2. c4 Bg7 3. Nc3 d6 4. g3 Nf6 5. Bg2 0-0 6. 0-0 c6 7. d3 a5 8. Rb1 Nbd7 9. h3 Re8 10. a3 e5 11. Ne1 Nf8 12. b4 axb4 13. axb4 d5 14. cxd5 cxd5 15. Bg5 Be6 16. Qd2 Qd7 17. Kh2 Rec8 18. Nf3 e4 19. dxe4 dxe4 20. Nd4 Rc4 21. Rfd1 Rxd4 0-1